Les Hymnes du tournoi des 6 nations Rugby - Statistiques

Statistiques générales
  • Ce quiz a été pris 229 fois
  • Le résultat moyen est 4 sur 6
Statistiques - réponses
Hint Réponse % Correct
France La Marseillaise
100%
Angleterre God Save the Queen / God save the King
90%
Ecosse Flower of scotland
81%
Italie Fratelli d'Italia
58%
Pays de Galles Land of my Father
49%
Irlande Ireland's call
45%
Aucun quiz correspondant
Distribution des résultats
% des personnes avec chaque résultat
Percentile par nombre de réponses
Votre historique - résultats
Vous n’avez pas pris ce quiz